Basic Inorganic Chemistry

Bibliographic Details
Main Authors: Cotton, F. Albert, Wilkinson, Geoffrey
Format: Section = Libro
Language:Undetermined
Spanish
Published: New York John Wiley & Sons 1976
Subjects:
LEADER 00528nam a2200205Ia 4500
008 240830s9999 xx 000 0 und d
040 |a CEDOC FIQ-RUSB / 546 C851 
041 |a spa 
082 |a 546 C851 
100 1 |a Cotton, F. Albert 
100 1 |b Wilkinson, Geoffrey 
245 1 0 |a Basic Inorganic Chemistry 
260 |a New York  |b John Wiley & Sons  |c 1976 
300 |a 579 p. :il. 
650 7 |a QUIMICA INORGANICA 
650 7 |b  IONES SÓLIDOS 
650 7 |c  ESTRUCTURA ATOMICA 
942 |c BK  |2 ddc 
991 |a TEXTO 
999 |c 13911